000 00806nam a2200229 i 4500
001 39194
003 ES-MaACL
005 20240221063025.0
008 030227s1986 sp |||| | spa d
020 _a84-206-4506-0
100 1 _aCambó, Francesc,
_d1876-1947
_934032
245 1 0 _aPor la concordia /
_cFrancesc Cambó ; introducción de Pedro Laín Entralgo.
260 _aMadrid :
_bAlianza,
_c1986.
300 _aIX, 107 p. ;
_c21 cm.
490 1 _aBiblioteca de cultura catalana ;
_v6
650 4 _aNacionalismo-
_zCataluña-
_yS.XX.
_915444
651 4 _aCataluña-
_xPolítica y gobierno-
_y1902-1931.
_9170930
700 1 _aLaín Entralgo, Pedro,
_d1908-2001
_969681
830 0 _aBiblioteca de cultura catalana ;
_v6
_9178600
852 _aES-MaACL
_jL-11120
999 _c39194
_d39194